[Event "RUS-ch sf"]
[Site "Krasnodar"]
[Date "2001.??.??"]
[Round "?"]
[White "Dashko, Andrey"]
[Black "Kolesnikov, Alexey"]
[Result "1/2-1/2"]
[WhiteElo "2437"]
[BlackElo "2261"]
[PlyCount "96"]
[EventDate "2001.??.??"]
[EventType "swiss"]
[EventRounds "9"]
[EventCountry "RUS"]
[SourceTitle "EXT 2002"]
[Source "ChessBase"]
[SourceDate "2001.11.25"]
[SourceVersion "1"]
[SourceVersionDate "2001.11.25"]
[SourceQuality "1"]

1. e4 e5 2. Nf3 Nc6 3. d4 exd4 4. Nxd4 Qf6 5. Nxc6 Bc5 6. Qd2 dxc6 7. Nc3 Ne7 8. Qf4 Qd6 9. Qxd6 cxd6 10. Bf4 Ng6 11. Bg3 f5 12. exf5 Bxf5 13. 0-0-0 d5 14. Nxd5 0-0-0 15. Nc3 Rxd1+ 16. Nxd1 Re8 17. Bd3 Bxd3 18. cxd3 h5 19. h4 Bd4 20. Kd2 Re6 21. Nc3 Ne7 22. Re1 Rxe1 23. Kxe1 Nf5 24. Ke2 Bf6 25. Kf3 Nxh4+ 26. Bxh4 Bxh4 27. Ne4 Kd7 28. Nc5+ Kd6 29. Nxb7+ Kd5 30. Na5 Bf6 31. Nc4 Kd4 32. Ke2 Kd5 33. Kd2 Kc5 34. Kc2 Bd4 35. f3 Bf6 36. a3 Kd4 37. b4 a6 38. Na5 Ke3 39. Nxc6 Kf2 40. a4 Kxg2 41. b5 axb5 42. axb5 h4 43. b6 h3 44. b7 h2 45. b8Q h1Q 46. f4 Qe1 47. Ne5 Qf2+ 48. Kb3 Qxf4 1/2-1/2

[Event "RUS-ch sf"]
[Site "Krasnodar"]
[Date "2001.??.??"]
[Round "?"]
[White "Kolesnikov, Alexey"]
[Black "Panarin, Mikhail"]
[Result "0-1"]
[WhiteElo "2261"]
[BlackElo "2372"]
[PlyCount "92"]
[EventDate "2001.??.??"]
[EventType "swiss"]
[EventRounds "9"]
[EventCountry "RUS"]
[SourceTitle "EXT 2002"]
[Source "ChessBase"]
[SourceDate "2001.11.25"]
[SourceVersion "1"]
[SourceVersionDate "2001.11.25"]
[SourceQuality "1"]

1. d4 Nf6 2. c4 e6 3. g3 Bb4+ 4. Bd2 Qe7 5. Bg2 Bxd2+ 6. Qxd2 0-0 7. Nc3 d6 8. Nf3 e5 9. 0-0 Nbd7 10. Rac1 c6 11. Rfd1 Re8 12. e3 Nf8 13. b4 e4 14. Ng5 Bg4 15. Re1 d5 16. cxd5 cxd5 17. Nh3 Ne6 18. Nf4 Nxf4 19. gxf4 Qd7 20. Kh1 Rac8 21. Ne2 h5 22. Ng1 Qa4 23. h3 Bd7 24. Ne2 Qa3 25. Rxc8 Rxc8 26. Rc1 Rxc1+ 27. Nxc1 Bb5 28. Kg1 Ne8 29. f3 exf3 30. Bxf3 Nf6 31. Kf2 Bc4 32. Ke1 Kf8 33. Kd1 Ke7 34. Kc2 Bxa2 35. Qg2 Bc4 36. e4 Qa4+ 37. Kc3 Qc6 38. Qg5 dxe4 39. Bd1 Be2+ 40. Kd2 Bxd1 41. Qe5+ Qe6 42. Qc7+ Nd7 43. Kxd1 Qd6 44. Qxb7 Qxd4+ 45. Ke2 Qc4+ 46. Kd1 e3 0-1

[Event "RUS-ch sf"]
[Site "Krasnodar"]
[Date "2001.??.??"]
[Round "?"]
[White "Kolesnikov, Alexey"]
[Black "Rjabzev, Konstantin"]
[Result "1-0"]
[WhiteElo "2261"]
[BlackElo "2212"]
[PlyCount "79"]
[EventDate "2001.??.??"]
[EventType "swiss"]
[EventRounds "9"]
[EventCountry "RUS"]
[SourceTitle "EXT 2002"]
[Source "ChessBase"]
[SourceDate "2001.11.25"]
[SourceVersion "1"]
[SourceVersionDate "2001.11.25"]
[SourceQuality "1"]

1. e4 e5 2. Nf3 Nc6 3. Bb5 a6 4. Ba4 Nf6 5. 0-0 Be7 6. Re1 b5 7. Bb3 d6 8. c3 0-0 9. h3 Nd7 10. a4 Bb7 11. d4 Bf6 12. d5 Ne7 13. Bc2 Ng6 14. Be3 Nc5 15. b3 Re8 16. Qd2 c6 17. c4 bxc4 18. bxc4 cxd5 19. cxd5 Rc8 20. Na3 Qd7 21. Rab1 Ba8 22. Rb4 Bd8 23. Rc4 Bb6 24. Rb1 Qc7 25. g3 Nf8 26. Kg2 Nfd7 27. Qe2 Ba5 28. Bd3 Nb6 29. Rc2 Nbxa4 30. Bxa6 Rb8 31. Bb5 Nc3 32. Rxc3 Bxc3 33. Bxe8 Rxe8 34. Nb5 Qa5 35. Nxd6 Rd8 36. Rb5 Qc7 37. Bxc5 g6 38. Bb6 Qxd6 39. Bxd8 Qxd8 40. Qc4 1-0